Multifunkčný komplex, Nová Cvernovka , Bratislava
Uložené v:
| Hlavný autor: | |
|---|---|
| Ďalší autori: | |
| Médium: | Rukopis Kniha |
| Jazyk: | Slovak |
| Vydavateľské údaje: |
2016
|
| Predmet: | |
| On-line prístup: | http://is.stuba.sk/zp/portal_zp.pl?podrobnosti=121554 |
| Tagy: |
Žiadne tagy, Buďte prvý, kto otaguje tento záznam!
|
MARC
| LEADER | 00000ntm a22000003a 4500 | ||
|---|---|---|---|
| 001 | stuzp57493 | ||
| 003 | SK-STU | ||
| 005 | 20160719155255.3 | ||
| 007 | ta | ||
| 008 | 150427s2015----xo-----f-mn---000-0-slo-d | ||
| 040 | |a STU |b slo | ||
| 041 | 0 | |a slo | |
| 100 | 1 | |a Pastucha, Erik |u 051110 |4 aut |U FAD Fakulta architektúry |T FA Ústav architektúry obytných budov |X 43741 |U A1110 |Y 392 |7 A000043741 | |
| 242 | 0 | 1 | |a Multifunctional Complex, New Cvernovka, Bratislava |y eng |
| 245 | 1 | 0 | |a Multifunkčný komplex, Nová Cvernovka , Bratislava |
| 260 | |c 2016 | ||
| 650 | 4 | |a Siam Tower |2 slo | |
| 650 | 4 | |a Cvernovka |2 slo | |
| 650 | 4 | |a Výškový objekt |2 slo | |
| 650 | 4 | |a Siam Tower |2 eng | |
| 650 | 4 | |a Skyscraper |2 eng | |
| 650 | 4 | |a Cvernovka |2 eng | |
| 700 | 1 | |a Selcová, Ľubica |u 051110 |k Z1 |4 ths |U FAD Fakulta architektúry |T FA Ústav architektúry obytných budov |X 4198 |U A1110 |Y 392 |7 A000004198 | |
| 856 | 4 | |u http://is.stuba.sk/zp/portal_zp.pl?podrobnosti=121554 | |
| SQL | |a stuzp57493 |b DDP |c SLO |d Multifunkčný komplex, Nová Cvernovka , Bratislava |e 43741 |f Pastucha, Erik |g 051110 |h 4198 |i Selcová, Ľubica |j 20160602 |k 153 |l 05 |m http://is.stuba.sk/zp/portal_zp.pl?podrobnosti=121554 |n I-ARCH |o 5.1.1. architektúra a urbanizmus | ||